• 首页
  • 本馆介绍
  • 公告通知
  • 最新文献
  • 馆藏检索
  • 电子资源
  • 读者导购
  • 参考咨询
  • 我的图书馆
  • 登录
  • 详细信息显示
  • 放入我的书架
  • 预约/预借图书
  • 作者相关作品
  • 分类相关作品
  • 丛书相关作品
  • 出版社相关作品

书目信息

  • 表格格式
  • 工作单格式
  • 卡片格式
题名:
二胡风格练习曲一五八首
    
 
作者: 王国潼 , 赵寒阳 编
分册:  
出版信息: 北京   人民音乐出版社  1994
页数: 135页
开本: 26cm
丛书名:
单 册:
中图分类: J648.211
科图分类:
主题词: 二胡 , 练习曲 , 二胡--练习曲--中国--选集
电子资源:
ISBN: 7-103-01136-2
000 00875ncm0 2200253 450
001 0194037461
005 20070806093900.96
010    @a7-103-01136-2@dCNY12.20
100    @a20030305e20031994em y0chiy0110 ea
101 0  @achi
102    @aCN@b110000
105    @ag z 000yy
200 1  @a二胡风格练习曲一五八首@9er hu feng ge lian xi qu yi wu ba shou@f王国潼,赵寒阳编
210    @a北京@c人民音乐出版社@d1994@h2003
215    @a135页@d26cm
330    @a本书选编了京剧、评剧、河北梆子、河北哈哈腔、丝弦戏、影调剧、五音戏、柳子戏、吕剧、江南丝竹、昆腔、锡剧、扬剧、淮剧等三十种不同的音乐风格的戏曲牌和创编的练习曲共158首。
606 0  @a二胡
606 0  @a练习曲
606 0  @a二胡@x练习曲@y中国@j选集
690    @aJ648.211@v4
701  0 @a王国潼@9wang guo tong@4编
701  0 @a赵寒阳@9zhao han yang@4编
801  0 @aCN@bNLC@c20070806
905    @a10447@dJ648.211@e131
    
    二胡风格练习曲一五八首/王国潼,赵寒阳编.-北京:人民音乐出版社,1994(2003)
    135页;26cm
    
    
    ISBN 7-103-01136-2:CNY12.20
    本书选编了京剧、评剧、河北梆子、河北哈哈腔、丝弦戏、影调剧、五音戏、柳子戏、吕剧、江南丝竹、昆腔、锡剧、扬剧、淮剧等三十种不同的音乐风格的戏曲牌和创编的练习曲共158首。
●
相关链接 在E读中查询图书 在五车中查询图书 在当当中查询图书 在豆瓣中查询图书


正题名:二胡风格练习曲一五八首     索取号:J648.211/131         预约/预借

序号 登录号 条形码 馆藏地/架位号 状态 备注
1 0806305   208063058   第一样本阅览室/ [索取号:J648.211/131] 在馆    
2 0806306   208063067   第一借阅区/ [索取号:J648.211/131] 在馆    
3 0806307   208063076   第一借阅区/ [索取号:J648.211/131] 在馆    
4 0806308   208063085   第一借阅区/ [索取号:J648.211/131] 在馆    
5 0806309   208063094   第一借阅区/ [索取号:J648.211/131] 在馆    
6 0806310   208063101   第一借阅区/ [索取号:J648.211/131] 在馆    
7 0806311   208063110   第一借阅区/ [索取号:J648.211/131] 在馆    
8 0806312   208063129   密集书库-音乐系/ [索取号:J648.211/131] 在馆    
9 0806313   208063138   密集书库-音乐系/ [索取号:J648.211/131] 在馆    
10 0806314   208063147   音乐系资料室/ [索取号:J648.211/131] 在馆    
唐山师范学院图书馆 欢迎您!
大连网信软件有限公司© 版权所有